Mechanical metallurgy (Record no. 25704)

000 -LEADER
fixed length control field 00503nam a22001937a 4500
001 - CONTROL NUMBER
control field 25704
003 - CONTROL NUMBER IDENTIFIER
control field BD-DhUET
008 - FIXED-LENGTH DATA ELEMENTS--GENERAL INFORMATION
fixed length control field 150516b xxu||||| |||| 00| 0 eng d
040 ## - CATALOGING SOURCE
Transcribing agency 0
Modifying agency BD-DhUET
082 ## - DEWEY DECIMAL CLASSIFICATION NUMBER
Classification number 669.94
Item number DIE/1961
100 ## - MAIN ENTRY--PERSONAL NAME
Personal name Dieter, E. George
245 ## - TITLE STATEMENT
Title Mechanical metallurgy
250 ## - EDITION STATEMENT
Edition statement 1st ed.
260 ## - PUBLICATION, DISTRIBUTION, ETC. (IMPRINT)
Place of publication, distribution, etc. London
Name of publisher, distributor, etc. McGraw-Hill
Date of publication, distribution, etc. 1961
300 ## - PHYSICAL DESCRIPTION
Extent xix, 615p.
Other physical details ill
490 ## - SERIES STATEMENT
Series statement Metallurgy and metallurgical engineering series
650 #0 - SUBJECT ADDED ENTRY--TOPICAL TERM
Topical term or geographic name as entry element Strength of materials
942 ## - ADDED ENTRY ELEMENTS (KOHA)
Koha item type General Book
Holdings
Not for loan Withdrawn status Date acquired Shelving location Piece designation (barcode) Koha full call number Koha item type Location (home branch) Copy number Koha date last borrowed Koha issues (times borrowed) Koha date last seen Koha out on loan Sublocation or collection (holding branch) Price effective from Lost status Koha normalized classification for sorting Source of classification or shelving scheme Damaged status
  2015-05-16Circulation section7380669.94/DIE/1961General BookCentral Library, BUET1  2015-05-16 Central Library, BUET2015-05-16 669_940000000000000_DIE_1961  
  2015-05-16Circulation section20408669.94/DIE/1961General BookCentral Library, BUET2  2015-05-16 Central Library, BUET2015-05-16 669_940000000000000_DIE_1961  
  2015-05-16Circulation section11400669.94/DIE/1961General BookCentral Library, BUET3  2015-05-16 Central Library, BUET2015-05-16 669_940000000000000_DIE_1961  
  2015-05-16Circulation section31952669.94/DIE/1961General BookCentral Library, BUET4  2015-05-16 Central Library, BUET2015-05-16 669_940000000000000_DIE_1961  
  2015-05-19Circulation section31933669.94/DIE/1961General BookCentral Library, BUET5  2015-05-19 Central Library, BUET2015-05-19 669_940000000000000_DIE_1961  
  2015-05-20Circulation section54704669.94/DIE/1961General BookCentral Library, BUET62024-03-0422024-05-26 Central Library, BUET2015-05-20 669_940000000000000_DIE_1961  
  2015-05-21Circulation section24464669.94/DIE/1961General BookCentral Library, BUET7  2015-05-21 Central Library, BUET2015-05-21 669_940000000000000_DIE_1961  
  2015-05-21Circulation section20407669.94/DIE/1961General BookCentral Library, BUET82018-08-0812018-10-06 Central Library, BUET2015-05-21 669_940000000000000_DIE_1961  
  2015-05-23Circulation section31936669.94/DIE/1961General BookCentral Library, BUET9  2017-03-11 Central Library, BUET2015-05-23 669_940000000000000_DIE_1961  
  2015-05-23Circulation section31935669.94/DIE/1961General BookCentral Library, BUET102025-04-3012025-04-302025-05-14Central Library, BUET2015-05-23 669_940000000000000_DIE_1961  
  2015-06-17Reading section24463669.94/DIE/1961General BookCentral Library, BUET11  2015-06-17 Central Library, BUET2015-06-17 669_940000000000000_DIE_1961  
  2015-06-27Reading section36043669.94/DIE/1961Reading ItemCentral Library, BUET12  2015-06-27 Central Library, BUET2015-06-27 669_940000000000000_DIE_1961